Percepción social de la infidelidad y estilos de amor en la pareja (Record no. 170908)

MARC details
000 -CABECERA
campo de control de longitud fija 01737nab a2200253 a 4500
005 - FECHA Y HORA DE LA ÚLTIMA TRANSACCIÓN
campo de control 20210219162147.0
008 - ELEMENTOS DE LONGITUD FIJA--INFORMACIÓN GENERAL
campo de control de longitud fija 991125s1985 mx 000 0 spa u
035 ## - NÚMERO DE CONTROL DEL SISTEMA
Número de control de sistema UPN01000198807
049 ## - COLECCIÓN
Colección ART
100 1# - ASIENTO PRINCIPAL--NOMBRE PERSONAL
Nombre de persona Espinoza Romo, Alejandra Viridiana
100 1# - ASIENTO PRINCIPAL--NOMBRE PERSONAL
Nombre de persona Correa Romero, Fredi Everardo
100 1# - ASIENTO PRINCIPAL--NOMBRE PERSONAL
Filiación correafr@gmail.com
100 1# - ASIENTO PRINCIPAL--NOMBRE PERSONAL
Nombre de persona García y Barragán, Luis Felipe
222 ## - TÍTULO CLAVE
Título clave ENSEÑANZA E INVESTIGACION EN PSICOLOGIA
245 ## - MENCIÓN DE TÍTULO
Título Percepción social de la infidelidad y estilos de amor en la pareja
260 ## - PUBLICACIÓN, DISTRIBUCIÓN, ETC.
Lugar de publicación, distribución, etc. Jalapa, México
300 ## - DESCRIPCIÓN FÍSICA
Extensión 135-147
362 0# - FECHAS DE PUBLICACIÓN Y/O DESIGNACIÓN SECUENCIAL
Fecha de publicación y/o designación secuencial 2014 Vol. 19, no. 1, ene.-jun.
520 ## - NOTA DE RESUMEN, ETC.
Sumario, etc. Algunos individuos eligen pareja por motivos tales como la reproducción, la convicción, la soledad o la necesidad de complementarse. El deterioro de las relaciones amorosas impacta al individuo, siendo la infidelidad una de las principales causas de rompimiento de relaciones en México. El presente estudio tuvo el propósito de conocer la posible relación entre los estilos de amor propuestos en la teoría y la percepción social de infidelidad. Participaron 150 jóvenes habitantes de una ciudad mexicana a los cuales se les aplicó una adaptación del Inventario de Estilos de Amor y algunas viñetas para conocer la percepción social de infidelidad. Los resultados muestran relaciones estadísticamente significativas entre algunos estilos de amor y la percepción social de infidelidad. Además, se encontró que cada sexo tiene una distinta percepción social de la infidelidad. Tales resultados se pueden explicar a través de los patrones culturales y los roles de género
653 0# - TERMINO DE INDIZACION - NO CONTROLADO
Término no controlado ESTILOS DE AMOR
653 0# - TERMINO DE INDIZACION - NO CONTROLADO
Término no controlado INFIDELIDAD
653 0# - TERMINO DE INDIZACION - NO CONTROLADO
Término no controlado PERCEPCION SOCIAL
905 ## - TIPO DE MATERIAL
Tipo de material Articulo

No items available.